[Event "11th Asrian Memorial 2018"]
[Site "Yerevan ARM"]
[Date "2018.06.25"]
[Round "5.2"]
[White "Andriasian, Zaven"]
[Black "Jumabayev, Rinat"]
[Result "1/2-1/2"]
[WhiteTitle "GM"]
[BlackTitle "GM"]
[WhiteElo "2586"]
[BlackElo "2594"]
[WhiteFideId "13302000"]
[BlackFideId "13702661"]
[EventDate "2018.06.21"]

1. e4 e6 2. d4 d5 3. Nc3 Nf6 4. e5 Nfd7 5. f4 c5 6. Nf3 Nc6 7. Be3 a6 8. Qd2 b5
9. Be2 b4 10. Nd1 a5 11. O-O Be7 12. c3 O-O 13. Nf2 bxc3 14. bxc3 a4 15. dxc5
Nxc5 16. Nd4 Na5 17. Qc2 Qd7 18. Rad1 Ba6 19. Bxa6 Rxa6 20. f5 Nc4 21. Bf4 f6
22. Ng4 Rb6 23. Rde1 a3 24. Rf3 exf5 25. Nxf5 fxe5 26. Bxe5 Ne4 27. Nxe7+ Qxe7
28. Rxf8+ Qxf8 29. Qd3 Qf7 30. Bd4 Rg6 31. Rf1 Qe6 32. Qf3 h5 33. Nh6+ Kh7 34.
Nf5 Rg5 35. Nxg7 Rxg7 36. Qxh5+ Kg8 37. Bxg7 Kxg7 38. Rb1 Nb2 39. h3 Qb6+ 40.
Kh2 Qd6+ 41. Kg1 Qb6+ 1/2-1/2

[Event "11th Asrian Memorial 2018"]
[Site "Yerevan ARM"]
[Date "2018.06.25"]
[Round "5.3"]
[White "Martirosyan, Haik M."]
[Black "Petrosyan, Manuel"]
[Result "1-0"]
[WhiteTitle "GM"]
[BlackTitle "GM"]
[WhiteElo "2572"]
[BlackElo "2551"]
[WhiteFideId "13306553"]
[BlackFideId "13300857"]
[EventDate "2018.06.21"]

1. e4 e5 2. Nf3 Nc6 3. Bb5 a6 4. Ba4 Nf6 5. O-O Nxe4 6. Re1 Nc5 7. Bxc6 dxc6 8.
Nxe5 Be7 9. d4 Ne6 10. Be3 O-O 11. c4 Re8 12. Nc3 f6 13. Nf3 Nf8 14. Qb3 Bg4 15.
Nd2 b6 16. d5 c5 17. h3 Bh5 18. Nde4 Bd6 19. Nxd6 Qxd6 20. a4 f5 21. Bd2 Rxe1+
22. Rxe1 Re8 23. Rxe8 Bxe8 24. a5 bxa5 25. Qa3 c6 26. Be3 cxd5 27. Bxc5 Qf4 28.
b3 Qe5 29. Nxd5 Qe1+ 30. Kh2 Ng6 31. Bd4 a4 32. bxa4 Qe6 33. a5 Qc6 34. Qb4 h6
35. Qb8 Kh7 36. Qc7 Bd7 37. Qxc6 Bxc6 38. Nc7 Bb7 39. Ne6 Ne7 40. Nxg7 Bc8 41.
Ne8 Be6 42. Nd6 Nc6 43. Bc3 f4 44. f3 Kg6 45. Kg1 Ne7 46. Bd2 Nf5 47. Bxf4 Nxd6
48. Bxd6 Bxc4 49. Kf2 h5 50. g4 Bb3 51. Kg3 Bd1 52. Be7 Ba4 53. Bh4 Bb3 54. f4
hxg4 55. hxg4 Bc2 56. Kf2 Bd1 57. f5+ 1-0

[Event "11th Asrian Memorial 2018"]
[Site "Yerevan ARM"]
[Date "2018.06.25"]
[Round "5.4"]
[White "Sasikiran, Krishnan"]
[Black "Mikaelyan, Arman"]
[Result "1-0"]
[WhiteTitle "GM"]
[BlackTitle "GM"]
[WhiteElo "2666"]
[BlackElo "2500"]
[WhiteFideId "5004985"]
[BlackFideId "13304852"]
[EventDate "2018.06.21"]

1. e4 e5 2. Nf3 Nc6 3. Bb5 a6 4. Ba4 Nf6 5. O-O Be7 6. Re1 b5 7. Bb3 O-O 8. a4
b4 9. a5 d6 10. d3 Rb8 11. Nbd2 Be6 12. Bxe6 fxe6 13. c3 Rb5 14. d4 bxc3 15.
bxc3 exd4 16. cxd4 Nb4 17. Nb1 c5 18. Na3 Rb8 19. Bd2 Qd7 20. Bxb4 Rxb4 21. Nc2
Rb5 22. dxc5 Rxc5 23. Ncd4 Ne8 24. Rc1 Rxc1 25. Qxc1 Nc7 26. Qc4 Bf6 27. Rc1 Rf7
28. Nc6 Bb2 29. Rb1 Ba3 30. Nb8 Qc8 31. Nxa6 d5 32. Qc3 Qxa6 33. Qxa3 Rf8 34. e5
Ra8 35. h4 h6 36. Qc5 Qc4 37. Rc1 Qxc5 38. Rxc5 Ra7 39. Nd4 Rb7 40. h5 Kf7 41.
Rc6 Ra7 42. g3 Ke8 43. Nxe6 Nxe6 44. Rxe6+ Kf7 45. Rd6 Rxa5 46. Kg2 d4 47. f4
Ra2+ 48. Kf3 Ra3+ 49. Kg4 d3 50. Kf5 d2 51. Rxd2 Rxg3 52. Rd7+ Kg8 53. Ke6 Ra3
54. Rd8+ Kh7 55. f5 Rf3 56. Rf8 Ra3 57. Kd5 Ra5+ 58. Kd4 Ra4+ 59. Kc3 Ra5 60. e6 1-0

[Event "11th Asrian Memorial 2018"]
[Site "Yerevan ARM"]
[Date "2018.06.25"]
[Round "5.6"]
[White "Vardanian, Haik G."]
[Black "Hovhannisyan, Robert"]
[Result "1-0"]
[WhiteTitle "IM"]
[BlackTitle "GM"]
[WhiteElo "2388"]
[BlackElo "2625"]
[WhiteFideId "13303562"]
[BlackFideId "13302507"]
[EventDate "2018.06.21"]

1. d4 Nf6 2. Nf3 d5 3. c4 e6 4. Nc3 c5 5. cxd5 Nxd5 6. e4 Nxc3 7. bxc3 cxd4 8.
cxd4 Bb4+ 9. Bd2 Bxd2+ 10. Qxd2 O-O 11. Bc4 Nd7 12. O-O b6 13. Bb3 Bb7 14. Rfe1
h6 15. Rad1 Rc8 16. h3 Re8 17. Re3 Qc7 18. e5 Nf8 19. Nh2 Bd5 20. Bxd5 exd5 21.
Rg3 Qc2 22. Ng4 Qxd2 23. Rxd2 Kh7 24. Ra3 Re7 25. f4 Rc1+ 26. Kh2 Rf1 27. Ne3
Rc1 28. Nxd5 Rd7 29. Ne3 Ne6 30. f5 Nxd4 31. Rad3 Re1 32. Nc2 Nxc2 33. Rxd7 Ne3
34. Rf2 Nf1+ 35. Rxf1 Rxf1 36. Rxf7 Kg8 37. e6 a5 38. g4 Rf2+ 39. Kg3 Rxa2 40.
Rb7 Re2 41. Rb8+ Kh7 42. Rxb6 a4 43. Ra6 h5 44. Kf4 hxg4 45. hxg4 g6 46. Kg5 1-0

[Event "11th Asrian Memorial 2018"]
[Site "Yerevan ARM"]
[Date "2018.06.25"]
[Round "5.7"]
[White "Pashikian, Arman"]
[Black "Kacharava, Nikolozi"]
[Result "1-0"]
[WhiteTitle "GM"]
[BlackTitle "FM"]
[WhiteElo "2608"]
[BlackElo "2390"]
[WhiteFideId "13301578"]
[BlackFideId "13611860"]
[EventDate "2018.06.21"]

1. d4 d5 2. Nf3 e6 3. c4 c5 4. cxd5 exd5 5. Nc3 Nf6 6. Bg5 Be7 7. dxc5 O-O 8. e3
Be6 9. Rc1 Nbd7 10. b4 a5 11. a3 axb4 12. axb4 h6 13. Bxf6 Nxf6 14. Bb5 b6 15.
O-O bxc5 16. bxc5 Bxc5 17. Nxd5 Qxd5 18. Qxd5 Bxd5 19. Rxc5 Bxf3 20. gxf3 Rfc8
21. Rfc1 Rxc5 22. Rxc5 Ra7 23. Rc8+ Kh7 24. Rc6 Ng8 25. f4 g6 26. Bd3 Kg7 27.
Kg2 Ne7 28. Rd6 Nf5 29. Rd5 Ne7 30. Rd8 Nc6 31. Rd6 Ne7 32. e4 Ng8 33. Kf3 Ne7
34. Kg3 Ng8 35. Kf3 Ne7 36. Kg4 Rc7 37. f3 Ra7 38. e5 Rc7 39. Be4 Ra7 40. Bd3
Rc7 41. h4 h5+ 42. Kg3 Ra7 43. Be4 Ra2 44. Rf6 Rb2 45. Ra6 Rd2 46. Ra7 Kf8 47.
Ra8+ Kg7 48. Ra7 Kf8 49. Ra8+ Kg7 50. Re8 Rd7 51. Kf2 Ra7 52. Rd8 Ra2+ 53. Ke3
Ra3+ 54. Rd3 Ra7 55. Kd4 Rc7 56. Ra3 Rc1 57. Rb3 Rc7 58. Rb6 Rc1 59. Rb7 Kf8 60.
Rb8+ Kg7 61. Rb7 Kf8 62. Rb8+ Kg7 63. Rb1 Rc7 64. Rg1 Kh6 65. Rg5 Rc1 66. Rg2
Rc7 67. Rg1 Kh7 68. Rg5 Kh6 69. f5 Rd7+ 70. Ke3 gxf5 71. Bxf5 Ra7 72. Be4 Ng6
73. Bxg6 fxg6 74. Rg1 Ra3+ 75. Kf4 Ra4+ 76. Kg3 Kg7 77. Rb1 Kf7 78. Rb6 Rc4 79.
Rf6+ Kg7 1-0

[Event "11th Asrian Memorial 2018"]
[Site "Yerevan ARM"]
[Date "2018.06.25"]
[Round "5.11"]
[White "Danielian, Elina"]
[Black "Hakobyan, Aram"]
[Result "0-1"]
[WhiteTitle "GM"]
[BlackTitle "GM"]
[WhiteElo "2412"]
[BlackElo "2542"]
[WhiteFideId "13300210"]
[BlackFideId "13306677"]
[EventDate "2018.06.21"]

1. Nf3 Nf6 2. c4 b6 3. g3 Bb7 4. Bg2 g6 5. O-O Bg7 6. Nc3 O-O 7. Re1 Ne4 8. Nxe4
Bxe4 9. d3 Bb7 10. e4 e5 11. Bg5 Qe8 12. Qd2 c5 13. a3 d6 14. b4 f6 15. Be3 Nc6
16. Rab1 Qd7 17. h4 f5 18. exf5 gxf5 19. Ng5 h6 20. Bd5+ Kh8 21. Ne6 Rf6 22.
Nxg7 Qxg7 23. b5 Nd8 24. Kh1 Ne6 25. f4 Rg8 26. Rg1 Rg6 27. Qf2 Rxg3 28. Rxg3
Qxg3 29. Qxg3 Rxg3 30. Bf2 Bxd5+ 31. cxd5 Rh3+ 32. Kg1 Nxf4 33. a4 Nxd3 0-1

[Event "11th Asrian Memorial 2018"]
[Site "Yerevan ARM"]
[Date "2018.06.25"]
[Round "5.12"]
[White "Davtyan, Artur"]
[Black "Gabuzyan, Hovhannes"]
[Result "0-1"]
[WhiteTitle "FM"]
[BlackTitle "GM"]
[WhiteElo "2349"]
[BlackElo "2539"]
[WhiteFideId "13308327"]
[BlackFideId "13303732"]
[EventDate "2018.06.21"]

1. d4 Nf6 2. c4 g6 3. Nc3 Bg7 4. e4 d6 5. Nf3 O-O 6. Be2 c5 7. O-O cxd4 8. Nxd4
Nc6 9. Be3 Bd7 10. Nc2 Rc8 11. f3 a6 12. Qd2 Ne5 13. Na3 Be6 14. b3 Re8 15. Rac1
Qa5 16. Nab1 Nc6 17. Rfd1 h5 18. Bf1 h4 19. Qf2 Qh5 20. Be2 g5 21. h3 Qg6 22.
Nd5 Bxd5 23. exd5 Ne5 24. Nc3 Nh5 25. c5 Ng3 26. b4 Nf5 27. c6 bxc6 28. Bxa6 Rb8
29. dxc6 Nxc6 30. a3 Nxe3 31. Qxe3 Ne5 32. Qe4 f5 33. Qd5+ Kh8 34. Nb5 Rb6 35.
Nc7 e6 36. Qa5 Reb8 37. b5 g4 38. fxg4 fxg4 39. hxg4 Qxg4 40. Qb4 Nf3+ 41. Kf1
Bd4 42. Rd3 h3 43. Rxf3 hxg2+ 44. Ke2 Rc6 45. Qxd4+ Qxd4 46. Rh3+ Kg8 47. Rg3+
Kf7 0-1

[Event "11th Asrian Memorial 2018"]
[Site "Yerevan ARM"]
[Date "2018.06.25"]
[Round "5.16"]
[White "Abdumalik, Zhansaya"]
[Black "Mkrtchyan, Sargis R."]
[Result "1-0"]
[WhiteTitle "IM"]
[WhiteElo "2488"]
[BlackElo "2251"]
[WhiteFideId "13703544"]
[BlackFideId "13307878"]
[EventDate "2018.06.21"]

1. e4 c5 2. Nf3 Nc6 3. d4 cxd4 4. Nxd4 Nf6 5. Nc3 e5 6. Ndb5 d6 7. Bg5 a6 8. Na3
b5 9. Nd5 Be7 10. Bxf6 Bxf6 11. c4 b4 12. Nc2 O-O 13. g3 a5 14. Bg2 Bg5 15. O-O
Be6 16. f4 Bh6 17. b3 Bxd5 18. exd5 Qb6+ 19. Kh1 Nb8 20. fxe5 dxe5 21. a3 Nd7
22. d6 Rad8 23. axb4 axb4 24. Ra4 Nf6 25. Rxb4 Qxd6 26. Qxd6 Rxd6 27. c5 Rd3 28.
c6 Rc3 29. Na3 e4 30. Nc4 Nd5 31. Rb5 Nc7 32. Rb7 Ne6 33. Bxe4 Nc5 34. Rbxf7 1-0

[Event "11th Asrian Memorial 2018"]
[Site "Yerevan ARM"]
[Date "2018.06.25"]
[Round "5.18"]
[White "Yeritsyan, Hayk"]
[Black "Pogonina, Natalija"]
[Result "1/2-1/2"]
[BlackTitle "WGM"]
[WhiteElo "2196"]
[BlackElo "2469"]
[WhiteFideId "13307320"]
[BlackFideId "4147855"]
[EventDate "2018.06.21"]

1. e4 e5 2. Nf3 Nc6 3. d4 exd4 4. Nxd4 Nf6 5. Nxc6 bxc6 6. e5 Qe7 7. Qe2 Nd5 8.
c4 Ba6 9. g3 g6 10. b3 Bg7 11. Bb2 O-O 12. Bg2 Rfe8 13. O-O Bxe5 14. Qxe5 Qxe5
15. Bxe5 Rxe5 16. cxd5 Bxf1 17. Kxf1 cxd5 18. Na3 c6 19. Rd1 Kf8 20. Bf3 h5 21.
Rd4 Ree8 22. Nc2 a5 23. Ne1 Rab8 24. Nd3 Rb5 25. Bg2 Re7 26. f3 Ke8 27. Kf2 Kd8
28. Bf1 Kc7 29. Rf4 Rb8 30. Rf6 Rf8 31. Nf4 Rfe8 32. Nd3 Rf8 33. h4 Re6 34. Rf4
Kb6 35. Bh3 f5 36. Rd4 Rfe8 37. Bf1 Rd6 38. b4 Ra8 39. Ke3 Re6+ 40. Kf4 axb4 41.
Rxb4+ Kc7 42. a4 d6 43. Kg5 Re3 44. Rf4 c5 45. g4 hxg4 46. fxg4 fxg4 47. Kxg6 1/2-1/2

[Event "11th Asrian Memorial 2018"]
[Site "Yerevan ARM"]
[Date "2018.06.25"]
[Round "5.22"]
[White "Shmavonyan, Areg"]
[Black "Muradyan, Robert"]
[Result "1/2-1/2"]
[WhiteElo "2103"]
[BlackElo "2225"]
[WhiteFideId "13309420"]
[BlackFideId "13309374"]
[EventDate "2018.06.21"]

1. d4 d5 2. c4 e6 3. Nf3 Nf6 4. Nc3 Bb4 5. cxd5 exd5 6. Bg5 h6 7. Bxf6 Qxf6 8.
Qb3 Bxc3+ 9. bxc3 c6 10. e3 O-O 11. c4 dxc4 12. Bxc4 c5 13. O-O cxd4 14. Nxd4
Nc6 15. Rad1 Na5 16. Qb5 Nxc4 17. Qxc4 Be6 18. Nxe6 Qxe6 19. Qxe6 fxe6 20. Rd7
Rf7 21. Rxf7 Kxf7 22. Rc1 Rd8 23. Rc7+ Kf6 24. Kf1 Rd2 25. Rxb7 Rxa2 26. h4 h5
27. g3 a5 28. Kg2 Ra1 29. Kf3 g6 30. Ra7 Ra2 31. Ra8 Ra4 32. Ra7 Ra2 33. Ra8 Ra4
34. Rf8+ Ke7 35. Rg8 Kf6 36. Ra8 Ra2 37. Ra6 Ke5 38. Ra8 1/2-1/2

[Event "11th Asrian Memorial 2018"]
[Site "Yerevan ARM"]
[Date "2018.06.25"]
[Round "5.24"]
[White "Yeghiazaryan, Armenak"]
[Black "Tadevosyan, Gevorg"]
[Result "1-0"]
[WhiteTitle "FM"]
[WhiteElo "2365"]
[BlackElo "1959"]
[WhiteFideId "13303082"]
[BlackFideId "13314696"]
[EventDate "2018.06.21"]

1. e4 c5 2. Nf3 e6 3. d4 cxd4 4. Nxd4 a6 5. Bd3 Qc7 6. O-O Nf6 7. Qe2 d6 8. c4
Nc6 9. Nxc6 bxc6 10. e5 dxe5 11. Nc3 Bd6 12. h3 Bb7 13. Bg5 c5 14. Rad1 h6 15.
Bh4 Qc6 16. f3 Nh5 17. Be4 Qc7 18. Bxb7 Rb8 19. Bxa6 g5 20. Nb5 1-0

[Event "11th Asrian Memorial 2018"]
[Site "Yerevan ARM"]
[Date "2018.06.25"]
[Round "5.25"]
[White "Karamyan, Vardan"]
[Black "Ghukasyan, Siranush"]
[Result "0-1"]
[BlackTitle "WIM"]
[WhiteElo "1956"]
[BlackElo "2218"]
[WhiteFideId "13307150"]
[BlackFideId "13300946"]
[EventDate "2018.06.21"]

1. e4 e5 2. Nf3 Nc6 3. Bb5 a6 4. Bxc6 dxc6 5. O-O f6 6. d4 exd4 7. Nxd4 c5 8.
Nb3 Qxd1 9. Rxd1 Bg4 10. f3 Bd7 11. Be3 b6 12. Nc3 O-O-O 13. a4 Ne7 14. a5 c4
15. Nd2 b5 16. b3 b4 17. Ne2 c3 18. Nc4 Ng6 19. Kf2 Be7 20. g3 Rhe8 21. Nf4 Nxf4
22. gxf4 Bb5 23. f5 g6 24. fxg6 hxg6 25. Rxd8+ Rxd8 26. Rg1 g5 27. h4 Bxc4 28.
bxc4 gxh4 29. Rg7 Bd6 30. f4 h3 31. c5 Bf8 32. Rh7 b3 33. cxb3 c2 34. b4 Rd3 35.
Bc1 Rd1 36. Be3 c1=Q 37. Bxc1 Rxc1 38. Rxh3 Rc2+ 39. Kf1 Kd7 40. Rh8 Be7 41. e5
f5 42. Rh5 Rc4 43. Rxf5 Ke6 44. Rh5 Rxf4+ 45. Ke2 Rxb4 46. Rh6+ Kxe5 47. Rc6 Kd5
48. Rxc7 Bxc5 49. Kd3 Rb3+ 50. Kc2 Ra3 51. Kb2 Rxa5 52. Kb3 Ra3+ 53. Kb2 Rh3 54.
Rd7+ Kc4 55. Rg7 Rh2+ 56. Kb1 a5 0-1

[Event "11th Asrian Memorial 2018"]
[Site "Yerevan ARM"]
[Date "2018.06.25"]
[Round "5.31"]
[White "Seyranyan, Gor"]
[Black "Sayadyan, Edvard"]
[Result "1-0"]
[WhiteElo "1779"]
[BlackElo "2077"]
[WhiteFideId "13309544"]
[BlackFideId "13304909"]
[EventDate "2018.06.21"]

1. d4 Nf6 2. c4 g6 3. Nc3 Bg7 4. e4 d6 5. Nf3 O-O 6. Be2 e5 7. dxe5 dxe5 8. Qxd8
Rxd8 9. Bg5 Re8 10. Nd5 Nxd5 11. cxd5 c6 12. Bc4 cxd5 13. Bxd5 Nd7 14. O-O h6
15. Bh4 g5 16. Bg3 Nf6 17. Bxe5 Rxe5 18. Bxf7+ Kxf7 19. Nxe5+ Ke6 20. Nd3 Nxe4
21. Rfe1 Kf5 22. g4+ Kxg4 23. Rxe4+ Kf5 24. Re8 b6 25. Rc1 Bb7 26. Rxa8 Bxa8 27.
Rc7 Bd4 28. Rxa7 Be4 29. Rd7 Bf6 30. Rd6 Be7 31. Rd7 Bf6 32. Nb4 Bxb2 33. Rd6
Kg4 34. Rxb6 h5 35. Nc2 Be5 36. Rb4 Kf4 37. Nd4 Bd6 38. Ra4 Be7 39. f3 Bc5 40.
Kg2 Ke3 41. fxe4 Bxd4 42. Rxd4 Kxd4 43. Kf3 Ke5 44. a4 g4+ 45. Kg3 Kxe4 46. Kh4 1-0

[Event "11th Asrian Memorial 2018"]
[Site "Yerevan ARM"]
[Date "2018.06.26"]
[Round "6.1"]
[White "Stupak, Kirill"]
[Black "Sasikiran, Krishnan"]
[Result "1/2-1/2"]
[WhiteTitle "GM"]
[BlackTitle "GM"]
[WhiteElo "2564"]
[BlackElo "2666"]
[WhiteFideId "13503758"]
[BlackFideId "5004985"]
[EventDate "2018.06.21"]

1. d4 Nf6 2. c4 e6 3. g3 Bb4+ 4. Bd2 a5 5. Bg2 O-O 6. Nf3 b6 7. O-O Bb7 8. Nc3
d6 9. Rc1 Nbd7 10. Bg5 Bxc3 11. Rxc3 h6 12. Bxf6 Nxf6 13. Nd2 Bxg2 14. Kxg2 e5
15. dxe5 dxe5 16. Qc2 Qd7 17. Ne4 Qc6 18. f3 Nxe4 19. Qxe4 Qxe4 20. fxe4 Rad8
21. Rd3 Rxd3 22. exd3 Rd8 23. Rd1 Kf8 24. Kf3 Ke7 25. Ke3 c5 26. b3 Ra8 27. Rb1
h5 28. a3 Kd6 29. Rb2 f6 30. Rb1 g6 31. Rb2 f5 32. h4 Ke6 33. a4 Rd8 34. Rf2 Rd7
35. Rf1 Rd4 36. Rf3 Rd7 37. Rf1 Rd4 38. Rf3 Kf6 39. Rf1 Rd8 40. Rf2 Ke6 41. Rf1
Rf8 1/2-1/2

[Event "11th Asrian Memorial 2018"]
[Site "Yerevan ARM"]
[Date "2018.06.26"]
[Round "6.2"]
[White "Melkumyan, Hrant"]
[Black "Andriasian, Zaven"]
[Result "1-0"]
[WhiteTitle "GM"]
[BlackTitle "GM"]
[WhiteElo "2662"]
[BlackElo "2586"]
[WhiteFideId "13302485"]
[BlackFideId "13302000"]
[EventDate "2018.06.21"]

1. d4 Nf6 2. c4 c6 3. Bf4 g6 4. Nc3 Bg7 5. Nf3 d6 6. h3 O-O 7. e3 a6 8. Bd3 b5
9. O-O Nbd7 10. Rc1 Re8 11. Bh2 Bb7 12. a3 e5 13. Be2 Rc8 14. b4 exd4 15. exd4
Nb6 16. c5 dxc5 17. bxc5 Nbd5 18. Ne5 Nxc3 19. Rxc3 Nd5 20. Rd3 Rc7 21. Bf3 Rce7
22. Qb3 Re6 23. a4 h5 24. Rdd1 R8e7 25. axb5 axb5 26. Bxd5 Qxd5 27. Qxd5 cxd5
28. Ra1 Bc6 29. Rfb1 Be8 30. Ra8 Kh7 31. Nf3 f6 32. Bd6 Rb7 33. Re1 Rxe1+ 34.
Nxe1 Bd7 35. Ra6 Bf5 36. c6 Rf7 37. Ra8 b4 38. c7 b3 39. Rb8 Bh6 40. Rxb3 1-0

[Event "11th Asrian Memorial 2018"]
[Site "Yerevan ARM"]
[Date "2018.06.26"]
[Round "6.3"]
[White "Jumabayev, Rinat"]
[Black "Sethuraman, S.P."]
[Result "0-1"]
[WhiteTitle "GM"]
[BlackTitle "GM"]
[WhiteElo "2594"]
[BlackElo "2657"]
[WhiteFideId "13702661"]
[BlackFideId "5021596"]
[EventDate "2018.06.21"]

1. Nf3 d5 2. d4 Nf6 3. c3 b6 4. Bf4 Bb7 5. e3 g6 6. Be2 Bg7 7. Nbd2 Nh5 8. Bg5
h6 9. Bh4 Nd7 10. g4 Nhf6 11. Rg1 c5 12. Ne5 a6 13. Bg3 e6 14. h4 Qe7 15. a4 g5
16. Rh1 Qf8 17. Bf3 Nxe5 18. Bxe5 Nd7 19. Bg3 Rc8 20. Bg2 Qe7 21. Qe2 e5 22.
dxe5 Nxe5 23. Kf1 Rd8 24. Rd1 Ng6 25. h5 Nf8 26. e4 d4 27. e5 Ne6 28. Nc4 O-O
29. Re1 Qd7 30. Bxb7 Qxb7 31. Rh3 Qc6 32. a5 bxa5 33. Nd6 Rb8 34. Kg1 Qb6 35.
Nc4 Qb5 36. Bh2 Rfd8 37. Rf3 Rd7 38. Bg3 a4 39. Kh2 Bf8 40. Nd6 Qxe2 41. Rxe2
Rb3 42. Nc4 dxc3 43. Rxc3 Rd4 44. Na5 Rb5 45. Nc4 Rxg4 46. Nd6 Rbb4 47. Rec2 Rb3
48. Rxb3 axb3 49. Rc3 Rb4 50. Nc4 Nd4 51. Nd6 Ne6 52. Nc4 Be7 53. Kg2 f5 54. f3
Kf7 55. Nd6+ Bxd6 56. exd6 Ke8 57. Be5 Kd7 58. Kf2 a5 0-1

[Event "11th Asrian Memorial 2018"]
[Site "Yerevan ARM"]
[Date "2018.06.26"]
[Round "6.4"]
[White "Pashikian, Arman"]
[Black "Martirosyan, Haik M."]
[Result "1/2-1/2"]
[WhiteTitle "GM"]
[BlackTitle "GM"]
[WhiteElo "2608"]
[BlackElo "2572"]
[WhiteFideId "13301578"]
[BlackFideId "13306553"]
[EventDate "2018.06.21"]

1. d4 Nf6 2. c4 e6 3. Nf3 d5 4. Nc3 Be7 5. g3 dxc4 6. Bg2 Nbd7 7. Nd2 Nb6 8.
Nxc4 O-O 9. Ne5 c5 10. dxc5 Qxd1+ 11. Nxd1 Bxc5 12. Nd3 Be7 13. Nc3 Nfd5 14. Bd2
Rd8 15. Rc1 Nxc3 16. Bxc3 Nd5 17. Bd2 Bd7 18. Nf4 1/2-1/2

[Event "11th Asrian Memorial 2018"]
[Site "Yerevan ARM"]
[Date "2018.06.26"]
[Round "6.5"]
[White "Bernadskiy, Vitaliy"]
[Black "Gabuzyan, Hovhannes"]
[Result "1/2-1/2"]
[WhiteTitle "GM"]
[BlackTitle "GM"]
[WhiteElo "2586"]
[BlackElo "2539"]
[WhiteFideId "14100371"]
[BlackFideId "13303732"]
[EventDate "2018.06.21"]

1. e4 c5 2. Nf3 d6 3. d4 cxd4 4. Nxd4 Nf6 5. Nc3 a6 6. Bg5 e6 7. f4 Qb6 8. Qd3
Nc6 9. O-O-O Qxd4 10. Qxd4 Nxd4 11. Rxd4 Be7 12. Be2 Bd7 13. Rhd1 Bc6 14. Bf3 h6
15. Bxf6 gxf6 16. Ne2 Rc8 17. Ng3 h5 18. Nxh5 f5 19. g4 fxg4 20. Bxg4 Bd8 21. f5
e5 22. Rc4 Bb6 23. Nf6+ Kf8 24. h3 Bd4 25. Rcxd4 exd4 26. Rxd4 Ke7 27. Nh5 Rce8
28. Kd2 Rh6 29. Ke3 Reh8 30. Nf4 Re8 31. Nd3 Rhh8 32. a4 a5 33. b3 Rd8 34. c4
Rh6 35. Nf4 Ra8 36. Nh5 Rah8 37. Nf4 Ra8 38. Rd1 Re8 39. Rd4 Ra8 1/2-1/2

[Event "11th Asrian Memorial 2018"]
[Site "Yerevan ARM"]
[Date "2018.06.26"]
[Round "6.6"]
[White "Erigaisi, Arjun"]
[Black "Zhigalko, Andrey"]
[Result "1/2-1/2"]
[WhiteTitle "FM"]
[BlackTitle "GM"]
[WhiteElo "2505"]
[BlackElo "2562"]
[WhiteFideId "35009192"]
[BlackFideId "13502247"]
[EventDate "2018.06.21"]

1. d4 Nf6 2. c4 e6 3. Nf3 d5 4. Nc3 dxc4 5. e4 b5 6. e5 Nd5 7. Nxb5 Nb6 8. Be2
Nc6 9. O-O Be7 10. Be3 O-O 11. Rc1 Ba6 12. Na3 Nb4 13. Nxc4 Nxa2 14. Rc2 Nb4 15.
Rc1 Bxc4 16. Bxc4 Nxc4 17. Rxc4 Nd5 18. Qc2 Rb8 19. Bc1 Rb4 20. Rxb4 Nxb4 21.
Qa4 Qb8 22. Bg5 Bxg5 23. Nxg5 Rd8 24. Nf3 h6 25. Ra1 a6 26. h3 Rd5 27. Rc1 Rb5
28. b3 Qb6 29. Rc4 Nd3 30. Qa3 Nb4 31. Kh2 Nd5 32. Nd2 a5 33. Rc5 Rxc5 34. Qxc5
Qb4 35. Qxb4 Nxb4 36. Kg3 Nc2 37. Nc4 Nxd4 38. Nxa5 g5 39. f3 Kf8 40. Kf2 Ke7
41. Ke3 Nf5+ 42. Kf2 Kd7 43. g3 c5 44. Nb7 Kc6 45. Nd8+ Kb5 46. Nxf7 Kb4 47. Nd8
Nd4 48. Ke3 Kxb3 49. Ke4 Kc3 50. f4 gxf4 51. gxf4 c4 52. h4 h5 53. Nxe6 Nxe6 54.
f5 Nc5+ 55. Kd5 Kd3 56. f6 c3 57. f7 Nd7 58. e6 Nf6+ 59. Kd6 Nh7 60. e7 c2 61.
f8=Q Nxf8 62. exf8=Q c1=Q 63. Qf5+ Kd2 64. Qg5+ Kc2 65. Qc5+ Kb1 66. Qxh5 Qa3+
67. Ke6 Qa6+ 68. Kf7 Qc4+ 69. Kg7 Qd4+ 70. Kh7 Qd7+ 71. Kh6 Qe7 72. Qg6+ Ka2 73.
h5 Qf8+ 74. Qg7 Qf5 75. Qg6 Qf8+ 76. Kh7 Qe7+ 77. Qg7 Qe4+ 78. Kh8 Ka3 79. h6
Qe8+ 80. Kh7 Qe4+ 81. Kg8 Qe6+ 82. Kf8 Qc8+ 83. Kf7 Qd7+ 84. Kg8 Qe6+ 85. Kh8
Qe8+ 86. Qg8 Qe5+ 87. Kh7 Qe7+ 88. Kg6 Qe4+ 89. Kf6 Qf4+ 90. Kg7 Qe5+ 91. Kh7
Qe7+ 1/2-1/2

[Event "11th Asrian Memorial 2018"]
[Site "Yerevan ARM"]
[Date "2018.06.26"]
[Round "6.7"]
[White "Petrosyan, Manuel"]
[Black "Gharibyan, Mamikon"]
[Result "1-0"]
[WhiteTitle "GM"]
[BlackTitle "FM"]
[WhiteElo "2551"]
[BlackElo "2275"]
[WhiteFideId "13300857"]
[BlackFideId "13308300"]
[EventDate "2018.06.21"]

1. d4 Nf6 2. c4 e6 3. Nf3 d5 4. Nc3 Bb4 5. Qa4+ Nc6 6. e3 O-O 7. Bd2 dxc4 8.
Bxc4 Bd6 9. Qc2 e5 10. dxe5 Nxe5 11. Nxe5 Bxe5 12. f4 Bxc3 13. Bxc3 Qe7 14. O-O
Bd7 15. Bd3 Rfe8 16. Rae1 Qc5 17. Rf3 Bb5 18. Bxb5 Qxb5 19. Bxf6 gxf6 20. Rg3+
Kf8 21. Qxh7 Qc4 22. b3 Qd5 23. e4 Qd4+ 24. Rge3 Rad8 25. e5 Re6 26. exf6 Qxf6
27. Rxe6 fxe6 28. Qxc7 b6 29. Qe5 Qxe5 30. Rxe5 Rd2 31. a4 Rb2 32. Re3 Kf7 33.
h3 Kf6 34. Kh2 1-0

[Event "11th Asrian Memorial 2018"]
[Site "Yerevan ARM"]
[Date "2018.06.26"]
[Round "6.8"]
[White "Papin, Vasily"]
[Black "Ter-Sahakyan, Samvel"]
[Result "0-1"]
[WhiteTitle "GM"]
[BlackTitle "GM"]
[WhiteElo "2490"]
[BlackElo "2546"]
[WhiteFideId "4143183"]
[BlackFideId "13302531"]
[EventDate "2018.06.21"]

1. Nf3 d5 2. e3 Nf6 3. c4 e6 4. Nc3 Be7 5. b3 O-O 6. Bb2 dxc4 7. Bxc4 c5 8. d4
cxd4 9. Nxd4 a6 10. O-O b5 11. Be2 Bb7 12. Bf3 Qb6 13. Bxb7 Qxb7 14. Qf3 Qxf3
15. Nxf3 Nc6 16. Rfd1 Rfc8 17. Kf1 Kf8 18. h3 Ke8 19. Ke2 Ra7 20. Ne1 Rac7 21.
Rac1 Nd7 22. Nd3 Nb4 23. Nxb4 Bxb4 24. Nb1 Rc2+ 25. Kd3 Ne5+ 26. Ke4 R8c5 27.
Rxc2 f5+ 28. Kf4 Ng6+ 29. Kf3 Rxc2 30. Bxg7 Rxa2 31. g4 Rc2 32. Rd4 Be1 33. Rd1
Nh4+ 34. Kf4 Bxf2 35. Bf6 Ng2+ 36. Kf3 Ne1+ 37. Kf4 Ng2+ 38. Kf3 fxg4+ 39. hxg4
Bxe3 40. g5 Kf7 41. Nc3 Rf2+ 42. Kg3 Nf4 43. Rd7+ Kg6 44. Rg7+ Kf5 45. Rxh7 Nd3
46. Rh1 b4 47. Nd1 Bf4+ 48. Kh4 Rc2 49. Kh5 Rc7 50. Kh6 Ne5 51. Nf2 Nf7+ 52. Kh5
Nxg5 0-1